人口密度高于1000人每平方千米的县市 - Statistics

General Stats
  • This quiz has been taken 25 times
  • The average score is 29 of 37
Answer Stats
人口密度 省级行政区 地级行政区 县级行政区 % Correct
3211.14 福建省 泉州市 晋江市
100%
2245.17 江苏省 苏州市 昆山市
100%
1694.02 浙江省 台州市 温岭市
100%
1446.51 江苏省 苏州市 张家港市
100%
1314.3 江苏省 苏州市 常熟市
100%
1009.86 江苏省 苏州市 太仓市
100%
4287.06 福建省 泉州市 石狮市
95%
1802.95 江苏省 无锡市 江阴市
95%
1655.37 河南省 郑州市 新郑市
95%
1585.34 浙江省 宁波市 慈溪市
95%
1685.76 浙江省 金华市 义乌市
90%
1580.32 浙江省 嘉兴市 海宁市
90%
1091 新疆维吾尔自治区 (直辖) 石河子市
90%
1075.17 新疆维吾尔自治区 和田地区 和田市
90%
1522.2 河北省 廊坊市 三河市
85%
1286.03 浙江省 嘉兴市 嘉善县
85%
1189.66 浙江省 温州市 瑞安市
85%
1424.28 浙江省 嘉兴市 桐乡市
80%
1252.47 浙江省 嘉兴市 平湖市
80%
1237.4 浙江省 温州市 乐清市
80%
3999.64 甘肃省 临夏回族自治州 临夏市
75%
3809.28 浙江省 温州市 龙港市
75%
1233.72 广东省 揭阳市 普宁市
75%
1053.28 山东省 枣庄市 滕州市
75%
1011.29 江苏省 泰州市 靖江市
75%
1173.76 河北省 石家庄市 正定县
70%
1042.94 广东省 湛江市 吴川市
70%
1703.74 浙江省 台州市 玉环市
65%
1533.67 福建省 泉州市 惠安县
65%
1142.58 四川省 德阳市 广汉市
65%
1371.91 河南省 三门峡市 义马市
55%
1116.4 河南省 许昌市 长葛市
50%
1006.4 河南省 郑州市 中牟县
50%
1002.32 河北省 廊坊市 香河县
50%
1172.06 山西省 临汾市 侯马市
45%
1109.81 河北省 保定市 高碑店市
40%
1040.38 福建省 福州市 平潭县
40%
No matching quizzes found
Score Distribution
Percent of People with Each Score
Percentile by Number Answered
Your Score History
You have not taken this quiz